[Event "Cappelle Online Bullet op"]
[Site "Europe Echecs INT"]
[Date "2021.03.05"]
[Round "2"]
[White "Savina, Anastasia"]
[Black "Farthouat, Titoine"]
[Result "0-1"]
[WhiteElo "2333"]
[BlackElo "1652"]
[PlyCount "84"]
[EventDate "2021.03.05"]
[EventType "swiss (blitz)"]
[EventRounds "15"]
[EventCountry "FRA"]
[SourceTitle "EXT 2022"]
[Source "ChessBase"]
[SourceDate "2021.10.06"]
[SourceVersion "1"]
[SourceVersionDate "2021.10.06"]
[SourceQuality "1"]

1. d4 Nf6 2. c4 e6 3. Nc3 Bb4 4. e3 Bxc3+ 5. bxc3 0-0 6. Bd3 d6 7. Nf3 Nc6 8. 0-0 Re8 9. Ba3 e5 10. Nd2 e4 11. Bc2 Bf5 12. c5 Bg4 13. f3 exf3 14. gxf3 Bh3 15. Re1 dxc5 16. Bxc5 b6 17. Ba3 Nd5 18. Ne4 Bf5 19. c4 Bxe4 20. Bxe4 Nde7 21. Qc2 Rc8 22. Bxh7+ Kh8 23. Be4 g6 24. Qg2 Kg7 25. Kf2 Rh8 26. d5 Ne5 27. Bb2 f6 28. f4 Nxc4 29. Bd4 Nd2 30. Bd3 Qd7 31. Re2 Nf3 32. Qxf3 Rxh2+ 33. Ke1 Rh3 34. Qg2 Rh6 35. Qg5 Kh7 36. Qxf6 Nxd5 37. Qe6 Qg7 38. Bxg7 Rg8 39. Qxd5 Rxg7 40. Be4 Rf7 41. Rd2 Kg8 42. Ke2 Rhh7 0-1

[Event "Cappelle Online Blitz op 1st"]
[Site "Europe Echecs INT"]
[Date "2021.01.10"]
[Round "9"]
[White "Farthouat, Titoine"]
[Black "Baudouin, Moise"]
[Result "1-0"]
[WhiteElo "1652"]
[BlackElo "1205"]
[PlyCount "61"]
[EventDate "2021.01.10"]
[EventType "swiss (blitz)"]
[EventRounds "11"]
[EventCountry "FRA"]
[SourceTitle "CBM 200 Extra"]
[Source "ChessBase"]
[SourceDate "2021.03.31"]
[SourceVersion "1"]
[SourceVersionDate "2021.03.31"]
[SourceQuality "1"]

1. e4 d5 2. exd5 Qxd5 3. Nc3 Qa5 4. d4 Nf6 5. Nf3 Bf5 6. Bd2 e6 7. Be2 Bb4 8. a3 Bxc3 9. Bxc3 Qb6 10. 0-0 0-0 11. Ne5 Nbd7 12. Nc4 Qc6 13. Na5 Qe4 14. Bd3 Qd5 15. Bc4 Qe4 16. Rc1 b6 17. Re1 Qg4 18. Be2 Qg6 19. Nc4 Bh3 20. Bf3 Nh5 21. Kh1 Nf4 22. gxh3 Nxh3 23. Qe2 Nf6 24. Rg1 Nxg1 25. Rxg1 Qh6 26. Bxa8 Rxa8 27. Qf3 Rd8 28. d5 Rxd5 29. Bxf6 Rh5 30. Rxg7+ Kf8 31. Qa8# 1-0

[Event "Cappelle Online Blitz op 1st"]
[Site "Europe Echecs INT"]
[Date "2021.01.10"]
[Round "1"]
[White "Farthouat, Titoine"]
[Black "Ternault, Mathieu"]
[Result "0-1"]
[WhiteElo "1652"]
[BlackElo "2324"]
[PlyCount "68"]
[EventDate "2021.01.10"]
[EventType "swiss (blitz)"]
[EventRounds "11"]
[EventCountry "FRA"]
[SourceTitle "CBM 200 Extra"]
[Source "ChessBase"]
[SourceDate "2021.03.31"]
[SourceVersion "1"]
[SourceVersionDate "2021.03.31"]
[SourceQuality "1"]

1. e4 Nc6 2. d4 e5 3. dxe5 Nxe5 4. Nc3 Bb4 5. Bd2 Nf6 6. f4 Nc6 7. Bd3 d6 8. Nf3 Bc5 9. Be3 Bxe3 10. Qe2 Bxf4 11. g3 Be5 12. 0-0 Bg4 13. Kg2 Nd4 14. Qe3 Nxf3 15. Rxf3 Bxf3+ 16. Qxf3 0-0 17. g4 Bxc3 18. bxc3 Nd7 19. Qf5 g6 20. Qf3 Ne5 21. Qe3 Nxg4 22. Qf4 Ne5 23. Rf1 Qe7 24. h4 Qe6 25. Kg3 h5 26. Be2 Rae8 27. a4 Ng4 28. Bd3 Qe5 29. c4 Qxf4+ 30. Rxf4 Re5 31. c3 Kg7 32. Bc2 f5 33. exf5 Re3+ 34. Kg2 Re2+ 0-1

[Event "Cappelle Online Blitz op 1st"]
[Site "Europe Echecs INT"]
[Date "2021.01.10"]
[Round "6"]
[White "Mallassagne, Francois Eric"]
[Black "Farthouat, Titoine"]
[Result "1-0"]
[WhiteElo "2149"]
[BlackElo "1652"]
[PlyCount "75"]
[EventDate "2021.01.10"]
[EventType "swiss (blitz)"]
[EventRounds "11"]
[EventCountry "FRA"]
[SourceTitle "CBM 200 Extra"]
[Source "ChessBase"]
[SourceDate "2021.03.31"]
[SourceVersion "1"]
[SourceVersionDate "2021.03.31"]
[SourceQuality "1"]

1. d4 Nf6 2. Nf3 d5 3. Bg5 Bf5 4. Nbd2 h6 5. Bxf6 exf6 6. e3 Bd6 7. Be2 0-0 8. 0-0 c6 9. c4 Nd7 10. Rc1 Rc8 11. Qb3 Qb6 12. Qxb6 axb6 13. cxd5 cxd5 14. h3 Ra8 15. a3 Rfc8 16. g4 Bh7 17. Bb5 Nf8 18. Nb1 Ne6 19. Nc3 Ng5 20. Nxg5 hxg5 21. Nxd5 Rc2 22. Rxc2 Bxc2 23. Rc1 Be4 24. Nxb6 Rd8 25. Nc4 Bb8 26. Nd2 Bg6 27. Be2 f5 28. Bf3 fxg4 29. hxg4 b6 30. Rc6 b5 31. Rc5 f6 32. Rxb5 Kf7 33. Rb7+ Kg8 34. b4 Bd6 35. Ne4 Bb8 36. a4 Bf7 37. a5 Bd5 38. Rb5 1-0

[Event "FRA-ch Blitz Online Qual"]
[Site "Europe Echecs INT"]
[Date "2020.05.16"]
[Round "1"]
[White "Farthouat, Titoine"]
[Black "Migot, Tangi"]
[Result "1/2-1/2"]
[WhiteElo "1652"]
[BlackElo "2351"]
[PlyCount "117"]
[EventDate "2020.05.16"]
[EventType "swiss (blitz)"]
[EventRounds "15"]
[EventCountry "FRA"]
[SourceTitle "CBM 196 Extra"]
[Source "ChessBase"]
[SourceDate "2020.07.31"]
[SourceVersion "1"]
[SourceVersionDate "2020.07.31"]
[SourceQuality "1"]

1. e4 c5 2. Nf3 Nc6 3. d4 cxd4 4. Nxd4 e5 5. Nb5 a6 6. Nd6+ Bxd6 7. Qxd6 Qf6 8. Qxf6 Nxf6 9. Nc3 Nb4 10. Bd3 h6 11. a3 Nxd3+ 12. cxd3 d6 13. 0-0 Be6 14. f4 0-0-0 15. Be3 b5 16. Rac1 Kb7 17. f5 Bb3 18. Nb1 Rc8 19. Nd2 Bc2 20. d4 Bxe4 21. dxe5 dxe5 22. Nxe4 Nxe4 23. b4 Rxc1 24. Rxc1 Rc8 25. Rd1 f6 26. Rd7+ Rc7 27. Rd1 Kc6 28. Rd8 Kb7 29. h3 Ng5 30. Rd3 Nf7 31. g4 Kc8 32. Kg2 Rd7 33. Rc3+ Kb7 34. Bc5 Nd8 35. Kf3 Nc6 36. Ke4 Rd1 37. Rd3 Re1+ 38. Re3 Rf1 39. Rd3 Rf4+ 40. Ke3 Kc7 41. Bd6+ Kc8 42. Bf8 h5 43. Bxg7 hxg4 44. hxg4 Rxg4 45. Bxf6 a5 46. Rc3 Rg3+ 47. Kd2 Rxc3 48. Kxc3 axb4+ 49. axb4 Kd7 50. Bg7 Ke7 51. Kd3 Nxb4+ 52. Ke4 Nc6 53. Kd5 Kd7 54. f6 Nd8 55. Kxe5 b4 56. Kd5 b3 57. f7 Nxf7 58. Kc4 b2 59. Bxb2 1/2-1/2

[Event "FRA-ch Blitz Online Qual"]
[Site "Europe Echecs INT"]
[Date "2020.05.16"]
[Round "14"]
[White "Vallee, Louis"]
[Black "Farthouat, Titoine"]
[Result "0-1"]
[WhiteElo "1864"]
[BlackElo "1652"]
[PlyCount "94"]
[EventDate "2020.05.16"]
[EventType "swiss (blitz)"]
[EventRounds "15"]
[EventCountry "FRA"]
[SourceTitle "CBM 196 Extra"]
[Source "ChessBase"]
[SourceDate "2020.07.31"]
[SourceVersion "1"]
[SourceVersionDate "2020.07.31"]
[SourceQuality "1"]

1. d4 Nf6 2. c4 e6 3. a3 d5 4. Nc3 c5 5. e3 cxd4 6. exd4 Be7 7. Nf3 0-0 8. Bf4 Bd6 9. Bxd6 Qxd6 10. c5 Qe7 11. Bd3 Nc6 12. 0-0 Re8 13. b4 e5 14. dxe5 Nxe5 15. Nxe5 Qxe5 16. Re1 Qxc3 17. Rxe8+ Nxe8 18. Rc1 Qe5 19. Qd2 Bf5 20. Re1 Qf6 21. Qe2 h6 22. Bxf5 Qxf5 23. Qe7 Qc8 24. h4 b6 25. Rc1 bxc5 26. Rxc5 Qd8 27. Qb7 Nf6 28. Rc7 Qe8 29. Qa6 Qe1+ 30. Kh2 Qe5+ 31. g3 Qxc7 32. Qd3 Qc4 33. Qf5 Re8 34. h5 Qe4 35. Qh3 Ng4+ 36. Kg1 Qe1+ 37. Qf1 Qxf1+ 38. Kxf1 d4 39. f3 d3 40. fxg4 d2 41. Kf2 d1Q 42. g5 Qe2+ 43. Kg1 Qe1+ 44. Kg2 Re2+ 45. Kh3 Qh1+ 46. Kg4 Re4+ 47. Kf5 Qf3# 0-1